Green manure production systems for Asian ricelands : Selected papers from the International Rice Research Conference

The book offers a critical analyses on how to fit green manures into Asian rice farming systems without adversely affecting annual productivity and income. Agronomic and economic aspects of green manuring for intensively cropped rice farms were discussed. Prominent researchers from several Asian cou...

ver descrição completa

Na minha lista:
Detalhes bibliográficos
Formato: Livro
Idioma:Undetermined
Publicado em: Manila, Philippines IRRI 1994
Assuntos:
Tags: Adicionar Tag
Sem tags, seja o primeiro a adicionar uma tag!
Thư viện lưu trữ: Trung tâm Học liệu Trường Đại học Cần Thơ
LEADER 01059nam a2200205Ia 4500
001 CTU_123126
008 210402s9999 xx 000 0 und d
082 |a 633.1889 
082 |b G795 
245 0 |a Green manure production systems for Asian ricelands : 
245 0 |b Selected papers from the International Rice Research Conference 
245 0 |c Edited by J. K. Ladha and D. P. garrity 
260 |a Manila, Philippines 
260 |b IRRI 
260 |c 1994 
520 |a The book offers a critical analyses on how to fit green manures into Asian rice farming systems without adversely affecting annual productivity and income. Agronomic and economic aspects of green manuring for intensively cropped rice farms were discussed. Prominent researchers from several Asian countries participated in the symposium that produced useful recommendations for future areas of green manure research and development. 
650 |a Rice,Green manuring 
650 |x Fertilizers 
904 |i M.Loan, H. Mai 
980 |a Trung tâm Học liệu Trường Đại học Cần Thơ